Technológia rotačného tvarovania časticového kompozitu v polyetyléne = Technology of rotational moulding of particle composite in polyetylene : Diplomová práca
Enregistré dans:
| Auteur principal: | |
|---|---|
| Autres auteurs: | |
| Format: | Manuscrit Livre |
| Langue: | slovaque |
| Publié: |
Trnava :
STU v Bratislave MTF UMAT,
2009
|
| Sujets: | |
| Tags: |
Pas de tags, Soyez le premier à ajouter un tag!
|
MARC
| LEADER | 00000ntm a22000003a 4500 | ||
|---|---|---|---|
| 001 | stu180080 | ||
| 005 | 20150617230043.0 | ||
| 008 | 090213s2009----xo------------------slo-d | ||
| 040 | |a STU |b slo | ||
| 041 | 0 | |a slo | |
| 044 | |a xo | ||
| 100 | 1 | |a Bútora, Peter, |d 1983- |4 aut |u M3000 |U MTF Materiálovotechnologická fakulta |T MTF Ústav výrobných technológií |X 33456 |U M3000 |Y 83 |7 A000033456 | |
| 245 | 1 | |a Technológia rotačného tvarovania časticového kompozitu v polyetyléne = Technology of rotational moulding of particle composite in polyetylene : |b Diplomová práca | |
| 260 | |a Trnava : |b STU v Bratislave MTF UMAT, |c 2009 | ||
| 300 | |a 84 s |c 1 CD-ROM | ||
| 500 | |a Študijný odbor: 5.2.26 materiály | ||
| 500 | |a Študijný program: nekovové materiály | ||
| 650 | 7 | |a rotačné tvarovanie |2 stusub | |
| 650 | 7 | |a časticový kompozit |2 stusub | |
| 650 | 7 | |a polyetylén |2 stusub | |
| 700 | 1 | |a Náplava, Antonín, |d 1945- |4 xxx |u M1000 |U MTF Materiálovotechnologická fakulta |T MTF Ústav materiálov |X 2801 |U M1000 |Y 81 |7 A000002801 | |
| 700 | 1 | |a Guzmický, Juraj |4 csl | |
| 996 | |b 284M069664 |c M*DP-7559 |l MMSKP |s P |a 0 |w stu180080_0001 | ||